000 00376nam a2200157Ia 4500
008 230917s9999||||xx |||||||||||||| ||und||
040 _e71798
_aMAIN
041 _aEnglish
082 _a512.5 B645L
100 _aBorel, Armand
245 0 _aLinear algebraic group
250 _a2nd ed.
260 _aNew York
_bSpringer-Verlag
_c1991
300 _ax, 288 p.
942 _cBK
999 _c107585
_d107585